Η φιλοσοφία του πνεύματος
Αποθηκεύτηκε σε:
| Κύριος συγγραφέας: | |
|---|---|
| Άλλοι συγγραφείς: | |
| Μορφή: | Βιβλίο |
| Γλώσσα: | Greek |
| Δημοσίευση: |
Αθήνα :
Αναγνωστίδη,
[χ.έ.]
|
| Θέματα: | |
| Ετικέτες: |
Προσθήκη ετικέτας
Δεν υπάρχουν, Καταχωρήστε ετικέτα πρώτοι!
|
MARC
| LEADER | 00000cam a2200000 i 4500 | ||
|---|---|---|---|
| 001 | 1/79547 | ||
| 008 | 050628q19601970 gre d | ||
| 035 | |l 10078783 | ||
| 040 | |a GR-MY-UA |b gre |e aacr | ||
| 041 | 0 | |a gre | |
| 082 | 0 | |a 128.2 | |
| 100 | 1 | |a Hegel, Georg Wilhelm Friedrich, |d 1770-1831. | |
| 245 | 1 | 2 | |a Η φιλοσοφία του πνεύματος / |c Γ. Χέγκελ ; μετάφραση Χ. Βασιλειάδη |
| 260 | |a Αθήνα : |b Αναγνωστίδη, |c [χ.έ.] | ||
| 300 | |a 198 σ. | ||
| 650 | 0 | 0 | |a Philosophy of mind. |
| 650 | 0 | 0 | |a Philosophy, Ancient. |
| 650 | 0 | 0 | |a Mysticism. |
| 700 | 1 | |4 trl |a Βασιλειάδης, Χρήστος Α. | |
| 852 | |a INST |b RHODES |c KRI |e 20050628 |h 128.2 HEG |p 005400023111 |q 005400023111 |t BK |y 0 | ||
| 852 | |a INST |b RHODES |c KRI |e 20050628 |h 128.2 HEG |p 005400023115 |q 005400023115 |t BK |y 0 | ||
| 901 | |a BIBL4-2005-2 | ||
| 909 | |a Ρ |b 110980 | ||
| 909 | |a Ρ |b 110976 | ||
| 970 | |a ΣΙΔΕΡΗ |b ΝΕΚΤΑΡΙΑ |z 2005/06/28 | ||